000 00764nab a2200229 u 4500
001 10078
003 HDC
007 cr bn ---aaaaa
008 210103c mydr|noo 0 a may d
040 _aHDC
245 0 _aAnti-Halal activists target Australian food manufacturers
260 _a[No place] :
_bABC Radio National,
_c[no year]
336 _atext
_2rdacontent
337 _acomputer
_2rdamedia
338 _aonline resource
_2rdacarrier
650 _afood manufacturers
_980
650 _aHalal certification
_9753
856 _zRequest full-text at [email protected]
942 _2lcc
942 _cNEWS
942 _kNWSO 000408
999 _c7401
_d7401